000 00439nam a2200121Ia 4500
008 210430s9999 xx 000 0 und d
082 _a337.14 K 2911 E
100 _aClare Keller, Harriet Matejka and Karol nyiri
_954595
245 _aEuropean Integration and East-West Relations /
_cClare Keller, Harriet Matejka and Karol nyiri
260 _aGeneva
_bGraduate institute of International Studies
_c1990
300 _a141
942 _cBK
_2ddc
999 _c565221
_d565221